Royals 2025 Opening Day Lineup - Statistics

General Stats
  • This quiz has been taken 4 times
  • The average score is 8 of 10
Answer Stats
Position Answer % Correct
SS Bobby Witt Jr.
100%
P Cole Ragans
100%
3B Maikel Garcia
100%
2B Michael Massey
100%
C Salvador Perez
100%
DH Vinnie Pasquantino
100%
RF Hunter Renfroe
75%
CF Kyle Isbel
75%
LF MJ Melendez
50%
1B Cavan Biggio
0%
No matching quizzes found
Score Distribution
Percent of People with Each Score
Percentile by Number Answered
Your Score History
You have not taken this quiz